[Event "Titled Tuesday intern op 15t Sept"]
[Site "Chess.com INT"]
[Date "2020.09.15"]
[Round "1"]
[White "Vovk, Orest"]
[Black "Svidler, Peter"]
[Result "0-1"]
[WhiteElo "2315"]
[BlackElo "2723"]
[PlyCount "168"]
[EventDate "2020.09.15"]
[EventType "swiss (blitz)"]
[EventRounds "10"]
[EventCountry "USA"]
[SourceTitle "EXT 2021"]
[Source "ChessBase"]
[SourceDate "2020.10.23"]
[SourceVersion "1"]
[SourceVersionDate "2020.10.23"]
[SourceQuality "1"]

1. g4 h5 2. g5 g6 3. Bg2 d5 4. e4 dxe4 5. Nc3 c6 6. Nxe4 Bg4 7. Nf3 Nd7 8. Qe2
Ne5 9. h3 Bxf3 10. Bxf3 Nxf3+ 11. Qxf3 Bg7 12. c3 e6 13. d4 Ne7 14. Nf6+ Bxf6
15. Qxf6 O-O 16. Bf4 Nd5 17. Qxd8 Rfxd8 18. Be5 Rac8 19. O-O-O b5 20. a3 c5 21.
dxc5 Rxc5 22. Bd4 Rc7 23. Kb1 Kf8 24. Be5 Rc6 25. Rd4 Ke8 26. Rhd1 Rdc8 27. Re1
Kd7 28. Bf6 Rc4 29. Rxd5+ exd5 30. Re7+ Kd6 31. Rxf7 R4c7 32. Rxc7 Rxc7 33. Kc2
Rc4 34. Bd4 Ke6 35. b3 Rc7 36. Kd3 Kf5 37. Be3 a6 38. Kd4 Rc8 39. Bd2 Ke6 40.
Be3 Rf8 41. f4 Rc8 42. Bd2 Kf5 43. Kd3 Re8 44. Be3 Re4 45. Bd2 a5 46. Be3 a4
47. b4 Rc4 48. Bd2 Re4 49. Be3 Re8 50. Bd2 Ke6 51. Kd4 Kd6 52. Kd3 d4 53. cxd4
Kd5 54. Be3 Rc8 55. Bd2 Rc4 56. Bc3 Ke6 57. Bd2 Kf5 58. Be3 Ke6 59. Bd2 Rc8 60.
Be3 Kd5 61. Bd2 Re8 62. Be3 Re4 63. Kd2 Kc4 64. Ke2 Re8 65. Kd2 Kb3 66. Kd3
Kxa3 67. f5 gxf5 68. d5 Kb3 69. Bd4 Rd8 70. g6 Rxd5 71. g7 Rd8 72. Ke3 a3 73.
Bf6 Rg8 74. Kf4 Kxb4 75. Kxf5 Kc4 76. Kg6 b4 77. Kf7 Rxg7+ 78. Kxg7 b3 79. Kg6
b2 80. Bxb2 axb2 81. Kxh5 b1=Q 82. h4 Qf5+ 83. Kh6 Qg4 84. h5 Kd5 0-1

[Event "Titled Tuesday intern op 15t Sept"]
[Site "Chess.com INT"]
[Date "2020.09.15"]
[Round "3"]
[White "Kadric, Denis"]
[Black "Svidler, Peter"]
[Result "0-1"]
[WhiteElo "2579"]
[BlackElo "2723"]
[PlyCount "38"]
[EventDate "2020.09.15"]
[EventType "swiss (blitz)"]
[EventRounds "10"]
[EventCountry "USA"]
[SourceTitle "EXT 2021"]
[Source "ChessBase"]
[SourceDate "2020.10.23"]
[SourceVersion "1"]
[SourceVersionDate "2020.10.23"]
[SourceQuality "1"]

1. e4 e5 2. Nf3 Nc6 3. Bc4 Bc5 4. c3 Nf6 5. d3 d6 6. O-O h6 7. Nbd2 O-O 8. h3
a5 9. Bb5 Bd7 10. Ba4 Re8 11. Bc2 b5 12. Re1 Bb6 13. Nf1 a4 14. Ng3 Ne7 15. d4
Ng6 16. Be3 c5 17. Qd2 cxd4 18. Bxh6 gxh6 19. Qxh6 Qe7 0-1

[Event "Titled Tuesday intern op 15t Sept"]
[Site "Chess.com INT"]
[Date "2020.09.15"]
[Round "4"]
[White "Svidler, Peter"]
[Black "Shahinyan, David"]
[Result "1-0"]
[WhiteElo "2723"]
[BlackElo "2452"]
[PlyCount "79"]
[EventDate "2020.09.15"]
[EventType "swiss (blitz)"]
[EventRounds "10"]
[EventCountry "USA"]
[SourceTitle "EXT 2021"]
[Source "ChessBase"]
[SourceDate "2020.10.23"]
[SourceVersion "1"]
[SourceVersionDate "2020.10.23"]
[SourceQuality "1"]

1. e4 d6 2. d4 Nf6 3. Nc3 e5 4. Nf3 Nbd7 5. Bc4 Be7 6. O-O O-O 7. a4 c6 8. Re1
exd4 9. Nxd4 Ne5 10. Ba2 Re8 11. h3 Bd7 12. Be3 Qa5 13. Bb3 Bd8 14. f4 Ng6 15.
Qf3 Bb6 16. Rad1 Qh5 17. f5 Ne5 18. Qxh5 Nxh5 19. Kf2 Rad8 20. Nf3 Bxe3+ 21.
Rxe3 Bc8 22. g4 Nf6 23. Kg3 h6 24. a5 b5 25. axb6 axb6 26. Nxe5 dxe5 27. Red3
Rxd3+ 28. cxd3 Bb7 29. Kf3 Rd8 30. Ke3 Kf8 31. Na4 Nd7 32. d4 exd4+ 33. Rxd4
Ke7 34. Nxb6 Nxb6 35. Rb4 Ba6 36. Rxb6 Rd3+ 37. Kf4 Bb5 38. Rb7+ Kd6 39. Bxf7
Rxh3 40. b4 1-0

[Event "Titled Tuesday intern op 15t Sept"]
[Site "Chess.com INT"]
[Date "2020.09.15"]
[Round "5"]
[White "Visakh, NR."]
[Black "Svidler, Peter"]
[Result "0-1"]
[WhiteElo "2516"]
[BlackElo "2723"]
[PlyCount "90"]
[EventDate "2020.09.15"]
[EventType "swiss (blitz)"]
[EventRounds "10"]
[EventCountry "USA"]
[SourceTitle "EXT 2021"]
[Source "ChessBase"]
[SourceDate "2020.10.23"]
[SourceVersion "1"]
[SourceVersionDate "2020.10.23"]
[SourceQuality "1"]

1. d4 Nf6 2. c4 g6 3. Nc3 d5 4. cxd5 Nxd5 5. e4 Nxc3 6. bxc3 Bg7 7. Nf3 c5 8.
Be3 O-O 9. Rc1 Qa5 10. Qd2 Nd7 11. Bd3 e5 12. d5 b5 13. c4 b4 14. h4 h5 15. O-O
Qc7 16. Bh6 a5 17. Bb1 Qd6 18. Bxg7 Kxg7 19. Ne1 Ba6 20. Bd3 a4 21. g3 Rfb8 22.
Ng2 b3 23. axb3 Rxb3 24. Ne3 Nf6 25. Ra1 Bc8 26. Rfb1 Rxb1+ 27. Rxb1 Bd7 28.
Qc3 Rb8 29. Kg2 Rxb1 30. Bxb1 Qb8 31. Bc2 Ng4 32. Nxg4 hxg4 33. Qa5 Qb4 34. Qc7
Qc3 35. Bb1 Qf3+ 36. Kg1 Qd1+ 37. Kh2 Qxb1 38. Qxe5+ Kg8 39. Qe7 Qb2 40. Qxd7
Qxf2+ 41. Kh1 Qf1+ 42. Kh2 Qh3+ 43. Kg1 Qxg3+ 44. Kh1 a3 45. Qa7 Qf3+ 0-1

[Event "Titled Tuesday intern op 15t Sept"]
[Site "Chess.com INT"]
[Date "2020.09.15"]
[Round "6"]
[White "Fedoseev, Vladimir1"]
[Black "Svidler, Peter"]
[Result "1/2-1/2"]
[WhiteElo "2678"]
[BlackElo "2723"]
[PlyCount "71"]
[EventDate "2020.09.15"]
[EventType "swiss (blitz)"]
[EventRounds "10"]
[EventCountry "USA"]
[SourceTitle "EXT 2021"]
[Source "ChessBase"]
[SourceDate "2020.10.23"]
[SourceVersion "1"]
[SourceVersionDate "2020.10.23"]
[SourceQuality "1"]

1. e4 e5 2. Nf3 Nc6 3. Bb5 a6 4. Ba4 Nf6 5. O-O Be7 6. Re1 b5 7. Bb3 O-O 8. d3
d6 9. Bd2 Bg4 10. c3 Re8 11. h3 Bd7 12. Be3 h6 13. Nbd2 Bf8 14. Rc1 Na5 15. Bc2
c5 16. d4 cxd4 17. cxd4 exd4 18. Bxd4 Rc8 19. a3 Nc6 20. Bc3 a5 21. b3 b4 22.
axb4 Nxb4 23. Bb1 Bb5 24. Re3 d5 25. Nd4 Ba6 26. e5 Ne4 27. Nxe4 dxe4 28. Bxe4
Na2 29. e6 Rxe6 30. Nxe6 Qxd1+ 31. Rxd1 Nxc3 32. Rd8 Nxe4 33. Rxf8+ Rxf8 34.
Nxf8 Nf6 35. Re5 Kxf8 36. Rxa5 1/2-1/2

[Event "Titled Tuesday intern op 15t Sept"]
[Site "Chess.com INT"]
[Date "2020.09.15"]
[Round "7"]
[White "Svidler, Peter"]
[Black "Eljanov, Pavel"]
[Result "1-0"]
[WhiteElo "2723"]
[BlackElo "2672"]
[PlyCount "79"]
[EventDate "2020.09.15"]
[EventType "swiss (blitz)"]
[EventRounds "10"]
[EventCountry "USA"]
[SourceTitle "EXT 2021"]
[Source "ChessBase"]
[SourceDate "2020.10.23"]
[SourceVersion "1"]
[SourceVersionDate "2020.10.23"]
[SourceQuality "1"]

1. c4 Nf6 2. g3 e6 3. Bg2 d5 4. b3 Be7 5. Bb2 O-O 6. Nf3 b6 7. O-O Bb7 8. cxd5
Nxd5 9. d4 c5 10. dxc5 Bxc5 11. Nbd2 Nd7 12. Nc4 Qe7 13. e4 N5f6 14. e5 Nd5 15.
Qe2 a5 16. a4 Rfd8 17. Rfd1 Rac8 18. h4 Nf8 19. Ng5 Nb4 20. Nd6 Bxd6 21. exd6
Qd7 22. Bxb7 Qxb7 23. Qg4 f5 24. Qh5 h6 25. Nf3 Qf7 26. Qxf7+ Kxf7 27. Ne5+ Kg8
28. d7 Rc7 29. Rd6 Rc5 30. Rad1 Rd5 31. R1xd5 Nxd5 32. Bd4 g5 33. Rxd5 exd5 34.
Bxb6 Rxd7 35. Nxd7 Nxd7 36. Bxa5 Nc5 37. Bb6 Nxb3 38. a5 Nd2 39. a6 Nc4 40. Bc5
1-0

[Event "Titled Tuesday intern op 15t Sept"]
[Site "Chess.com INT"]
[Date "2020.09.15"]
[Round "8"]
[White "Svidler, Peter"]
[Black "Quparadze, Giga"]
[Result "1-0"]
[WhiteElo "2723"]
[BlackElo "2463"]
[PlyCount "57"]
[EventDate "2020.09.15"]
[EventType "swiss (blitz)"]
[EventRounds "10"]
[EventCountry "USA"]
[SourceTitle "EXT 2021"]
[Source "ChessBase"]
[SourceDate "2020.10.23"]
[SourceVersion "1"]
[SourceVersionDate "2020.10.23"]
[SourceQuality "1"]

1. c4 Nf6 2. Nf3 e6 3. Nc3 Bb4 4. Qc2 b6 5. a3 Bxc3 6. Qxc3 Bb7 7. g4 h6 8. Rg1
d6 9. h4 e5 10. g5 hxg5 11. hxg5 Ne4 12. Qe3 Nc5 13. d4 Ne6 14. dxe5 Bxf3 15.
Qxf3 Nd7 16. exd6 Ne5 17. Qe4 cxd6 18. f4 Rh4 19. Rh1 Rxh1 20. Qxh1 Nd7 21. Bg2
Rc8 22. Bd5 Qe7 23. Bd2 Nd4 24. O-O-O b5 25. Kb1 bxc4 26. Bc3 Nxe2 27. Re1 Nc5
28. Bc6+ Nd7 29. Qh8+ 1-0

[Event "Titled Tuesday intern op 15t Sept"]
[Site "Chess.com INT"]
[Date "2020.09.15"]
[Round "9"]
[White "Le, Quang Liem"]
[Black "Svidler, Peter"]
[Result "0-1"]
[WhiteElo "2709"]
[BlackElo "2723"]
[PlyCount "74"]
[EventDate "2020.09.15"]
[EventType "swiss (blitz)"]
[EventRounds "10"]
[EventCountry "USA"]
[SourceTitle "EXT 2021"]
[Source "ChessBase"]
[SourceDate "2020.10.23"]
[SourceVersion "1"]
[SourceVersionDate "2020.10.23"]
[SourceQuality "1"]

1. Nf3 Nf6 2. c4 c5 3. Nc3 Nc6 4. d4 cxd4 5. Nxd4 e6 6. a3 Bc5 7. Nb3 Bb6 8.
Bf4 d5 9. e3 O-O 10. Be2 h6 11. O-O e5 12. Bg3 Be6 13. cxd5 Nxd5 14. Na4 Nxe3
15. fxe3 Bxe3+ 16. Bf2 Qg5 17. Nac5 Rad8 18. Qe1 Bd5 19. g3 b6 20. Bf3 Bxf2+
21. Qxf2 bxc5 22. Nxc5 Bxf3 23. Qxf3 Nd4 24. Qf2 f5 25. Rad1 f4 26. Rxd4 fxg3
27. Qxf8+ Rxf8 28. Rxf8+ Kh7 29. Rd5 Qc1+ 30. Kg2 gxh2 31. Kxh2 Qxb2+ 32. Kg1
Qa1+ 33. Rf1 Qxa3 34. Ne4 Qe3+ 35. Nf2 Qg3+ 36. Kh1 Qf3+ 37. Kg1 Qxd5 0-1

[Event "Titled Tuesday intern op 15t Sept f"]
[Site "Chess.com INT"]
[Date "2020.09.15"]
[Round "1.1"]
[White "Svidler, Peter"]
[Black "Gazik, Viktor"]
[Result "0-1"]
[WhiteElo "2723"]
[BlackElo "2539"]
[PlyCount "184"]
[EventDate "2020.09.15"]
[EventType "k.o. (blitz)"]
[EventRounds "3"]
[EventCountry "USA"]
[SourceTitle "EXT 2021"]
[Source "ChessBase"]
[SourceDate "2020.10.23"]
[SourceVersion "1"]
[SourceVersionDate "2020.10.23"]
[SourceQuality "1"]

1. Nf3 Nf6 2. c4 Nc6 3. d4 d6 4. Nc3 Bg4 5. d5 Nb8 6. h3 Bxf3 7. exf3 g6 8. f4
Bg7 9. g3 c6 10. Bg2 cxd5 11. Nxd5 Nxd5 12. Bxd5 Nc6 13. O-O O-O 14. Re1 Rc8
15. Rb1 Qd7 16. Bg2 Qf5 17. Be3 Rfd8 18. b3 Qa5 19. Re2 e6 20. Rd2 Bc3 21. Rxd6
Rxd6 22. Qxd6 Rd8 23. Qc5 Qxa2 24. Rf1 Qxb3 25. Qb5 Qxb5 26. cxb5 Nd4 27. Bxd4
Bxd4 28. Bxb7 Bb6 29. Bc6 Rd2 30. h4 Kg7 31. Kg2 Rc2 32. Be4 Rb2 33. Bc6 Kf6
34. Kf3 h6 35. Kg2 Ke7 36. Kf3 Rd2 37. Kg2 Kd6 38. Be8 Ke7 39. Bc6 f5 40. Kf3
Rc2 41. Bb7 Rc5 42. Rb1 Rc3+ 43. Kg2 Rc2 44. Rf1 Kd6 45. Ba6 Kc7 46. Kf3 Bc5
47. Kg2 Bd4 48. Kf3 Kb6 49. Kg2 Kc5 50. Kf3 Kd6 51. Kg2 Ke7 52. Kf3 Kf6 53. Kg2
g5 54. fxg5+ hxg5 55. hxg5+ Kxg5 56. Bb7 e5 57. Bd5 e4 58. Be6 Rc5 59. Bd7 Rc2
60. Be6 Rb2 61. Bd7 Bb6 62. Bc6 Kf6 63. Bd7 Ke5 64. Bc6 e3 65. Kf3 exf2 66. Kg2
Kf6 67. Bd7 Kg5 68. Bc6 Rb3 69. Rh1 Rc3 70. Bd7 Rc2 71. Kf3 Rd2 72. Bc6 Rd3+
73. Kg2 Rd6 74. Bb7 Rd2 75. Bc6 Re2 76. Bb7 Re1 77. Rf1 Kf6 78. Bc6 Ke5 79. Bd7
Be3 80. Bc6 Bd4 81. Bd7 Kf6 82. Bc6 Kg5 83. Bf3 Bc5 84. Bc6 Kf6 85. Bf3 Bb6 86.
Bc6 Ke5 87. Bd7 Ke4 88. Bc6+ Kd3 89. Bd5 Kd2 90. Bc4 Re5 91. Kf3 Re7 92. Kf4
Rc7 0-1

[Event "Chess24 Banter Blitz Cup Qual-H"]
[Site "chess24.com INT"]
[Date "2020.09.17"]
[Round "1.1"]
[White "Svidler, Peter"]
[Black "Cuenca Jimenez, Jose Fernando"]
[Result "1-0"]
[WhiteElo "2723"]
[BlackElo "2535"]
[PlyCount "77"]
[EventDate "2020.09.17"]
[EventType "k.o. (blitz)"]
[EventRounds "3"]
[EventCountry "GER"]
[SourceTitle "EXT 2021"]
[Source "ChessBase"]
[SourceDate "2020.10.23"]
[SourceVersion "1"]
[SourceVersionDate "2020.10.23"]
[SourceQuality "1"]

1. Nf3 d5 2. g3 Nf6 3. Bg2 e6 4. O-O Be7 5. c4 O-O 6. b3 d4 7. e3 c5 8. exd4
cxd4 9. Re1 Nc6 10. Ne5 Nxe5 11. Rxe5 Nd7 12. Re1 Re8 13. d3 Bb4 14. Bd2 Bxd2
15. Qxd2 a5 16. Na3 Nc5 17. Nb5 e5 18. f4 Bf5 19. Rxe5 Rxe5 20. fxe5 Nxd3 21.
Rf1 Bg6 22. Bxb7 Rb8 23. Nd6 Qe7 24. Qxa5 Qxe5 25. Qxe5 Nxe5 26. Bd5 d3 27. Kf2
Rd8 28. c5 Bh5 29. Ke3 Bg6 30. b4 Kf8 31. b5 Ke7 32. b6 Ng4+ 33. Kd4 Nxh2 34.
Re1+ Kd7 35. Nb7 Rc8 36. c6+ Rxc6 37. Nc5+ Rxc5 38. Kxc5 Bh5 39. Bc6+ 1-0

[Event "Chess24 Banter Blitz Cup Qual-H"]
[Site "chess24.com INT"]
[Date "2020.09.17"]
[Round "1.2"]
[White "Cuenca Jimenez, Jose Fernando"]
[Black "Svidler, Peter"]
[Result "1/2-1/2"]
[WhiteElo "2535"]
[BlackElo "2723"]
[PlyCount "110"]
[EventDate "2020.09.17"]
[EventType "k.o. (blitz)"]
[EventRounds "3"]
[EventCountry "GER"]
[SourceTitle "EXT 2021"]
[Source "ChessBase"]
[SourceDate "2020.10.23"]
[SourceVersion "1"]
[SourceVersionDate "2020.10.23"]
[SourceQuality "1"]

1. c4 g6 2. e4 e5 3. Nc3 Bg7 4. g3 Nc6 5. Bg2 d6 6. Nge2 f5 7. d3 Nf6 8. O-O
O-O 9. Nd5 fxe4 10. dxe4 Nd7 11. Be3 Nc5 12. Qd2 Ne6 13. f4 exf4 14. gxf4 Ne7
15. Rad1 c6 16. Nxe7+ Qxe7 17. b3 a5 18. Qxd6 Qxd6 19. Rxd6 a4 20. f5 axb3 21.
axb3 Nc7 22. f6 Ne8 23. Rd8 Bxf6 24. Rxe8 Rxe8 25. Rxf6 Ra3 26. Nd4 c5 27. Nb5
Rxb3 28. Bxc5 Bh3 29. Bxh3 Rxh3 30. Nd6 Re5 31. Kg2 Rd3 32. Bb4 Rb3 33. Be1
Rg5+ 34. Bg3 h5 35. Kh3 Kg7 36. e5 Rxe5 37. Rf7+ Kg8 38. Rxb7 Rxb7 39. Nxb7 Re4
40. c5 Rc4 41. Bf2 g5 42. Na5 Rc3+ 43. Kg2 Kf7 44. c6 Ke6 45. Bb6 g4 46. c7 Kd7
47. Nb7 h4 48. Nc5+ Kc8 49. Ne4 Rc6 50. Ba5 Ra6 51. Be1 Ra2+ 52. Bf2 g3 53.
hxg3 hxg3 54. Kxg3 Rxf2 55. Kxf2 Kxc7 1/2-1/2

[Event "Chess24 Banter Blitz Cup Qual-H"]
[Site "chess24.com INT"]
[Date "2020.09.17"]
[Round "1.3"]
[White "Svidler, Peter"]
[Black "Cuenca Jimenez, Jose Fernando"]
[Result "1-0"]
[WhiteElo "2723"]
[BlackElo "2535"]
[PlyCount "77"]
[EventDate "2020.09.17"]
[EventType "k.o. (blitz)"]
[EventRounds "3"]
[EventCountry "GER"]
[SourceTitle "EXT 2021"]
[Source "ChessBase"]
[SourceDate "2020.10.23"]
[SourceVersion "1"]
[SourceVersionDate "2020.10.23"]
[SourceQuality "1"]

1. e4 e5 2. Nf3 Nc6 3. Bb5 a6 4. Ba4 Nf6 5. O-O Nxe4 6. d4 b5 7. Bb3 d5 8. dxe5
Be6 9. Be3 Be7 10. c3 O-O 11. Re1 Qd7 12. Nbd2 Nxd2 13. Qxd2 Na5 14. Bc2 Nc4
15. Qd3 g6 16. Bh6 Nxb2 17. Qd2 Rfe8 18. Qf4 Nc4 19. h4 Bf5 20. Ng5 Bf8 21.
Bxf8 Rxf8 22. Bb3 h6 23. Nf3 Kh7 24. Rad1 c6 25. Bxc4 bxc4 26. Nd4 Bd3 27. e6
fxe6 28. Qe5 Rae8 29. Nxe6 Rf5 30. Ng5+ hxg5 31. Qxe8 Qxe8 32. Rxe8 gxh4 33.
Rde1 h3 34. R1e7+ Kh6 35. Rh8+ Kg5 36. Rxh3 Kf6 37. Rc7 Re5 38. Rxc6+ Kg7 39.
Re3 1-0

[Event "Chess24 Banter Blitz Cup Qual-H"]
[Site "chess24.com INT"]
[Date "2020.09.17"]
[Round "1.4"]
[White "Cuenca Jimenez, Jose Fernando"]
[Black "Svidler, Peter"]
[Result "1/2-1/2"]
[WhiteElo "2535"]
[BlackElo "2723"]
[PlyCount "56"]
[EventDate "2020.09.17"]
[EventType "k.o. (blitz)"]
[EventRounds "3"]
[EventCountry "GER"]
[SourceTitle "EXT 2021"]
[Source "ChessBase"]
[SourceDate "2020.10.23"]
[SourceVersion "1"]
[SourceVersionDate "2020.10.23"]
[SourceQuality "1"]

1. c4 c5 2. Nf3 Nf6 3. g3 g6 4. Bg2 Bg7 5. O-O O-O 6. Nc3 Nc6 7. d4 cxd4 8.
Nxd4 Qa5 9. Nb3 Qh5 10. e4 d6 11. Qxh5 Nxh5 12. Be3 Nf6 13. h3 Bd7 14. c5 Ne5
15. cxd6 exd6 16. Bd4 Be6 17. Rfd1 Rfd8 18. Nd2 Nc6 19. Be3 d5 20. exd5 Nxd5
21. Nxd5 Bxd5 22. Bxd5 Rxd5 23. Nc4 Rad8 24. Rxd5 Rxd5 25. Rc1 f5 26. b3 Kf7
27. Kf1 Ke6 28. Ke2 a6 1/2-1/2

[Event "Chess24 Banter Blitz Cup Qual-H"]
[Site "chess24.com INT"]
[Date "2020.09.17"]
[Round "1.5"]
[White "Svidler, Peter"]
[Black "Cuenca Jimenez, Jose Fernando"]
[Result "1-0"]
[WhiteElo "2723"]
[BlackElo "2535"]
[PlyCount "67"]
[EventDate "2020.09.17"]
[EventType "k.o. (blitz)"]
[EventRounds "3"]
[EventCountry "GER"]
[SourceTitle "EXT 2021"]
[Source "ChessBase"]
[SourceDate "2020.10.23"]
[SourceVersion "1"]
[SourceVersionDate "2020.10.23"]
[SourceQuality "1"]

1. e4 d6 2. d4 Nf6 3. Nc3 e5 4. Nf3 Nbd7 5. Bc4 Be7 6. O-O O-O 7. a4 c6 8. Re1
b6 9. b3 Bb7 10. Bb2 a6 11. Bd3 Re8 12. Ne2 Bf8 13. Ng3 b5 14. h3 Qc7 15. Qd2
g6 16. c4 bxc4 17. Bxc4 Bg7 18. dxe5 Nxe5 19. Nxe5 dxe5 20. b4 Nd7 21. Red1 Nf8
22. Qd6 Rac8 23. Nf1 Ne6 24. Bxe6 Rxe6 25. Qxc7 Rxc7 26. Rd8+ Bf8 27. Ne3 Rc8
28. Rad1 Re8 29. R8d7 Ba8 30. Ng4 Be7 31. Bxe5 Rcd8 32. Bf6 Rxd7 33. Rxd7 Bxb4
34. Nh6+ 1-0

[Event "Chess24 Banter Blitz Cup Qual-H"]
[Site "chess24.com INT"]
[Date "2020.09.17"]
[Round "1.6"]
[White "Cuenca Jimenez, Jose Fernando"]
[Black "Svidler, Peter"]
[Result "1-0"]
[WhiteElo "2535"]
[BlackElo "2723"]
[PlyCount "77"]
[EventDate "2020.09.17"]
[EventType "k.o. (blitz)"]
[EventRounds "3"]
[EventCountry "GER"]
[SourceTitle "EXT 2021"]
[Source "ChessBase"]
[SourceDate "2020.10.23"]
[SourceVersion "1"]
[SourceVersionDate "2020.10.23"]
[SourceQuality "1"]

1. e4 c5 2. Nf3 d6 3. d4 cxd4 4. Nxd4 Nf6 5. Nc3 a6 6. h3 e6 7. g4 Be7 8. Be3
Nc6 9. f4 Nd7 10. g5 h6 11. h4 hxg5 12. fxg5 Nde5 13. Be2 b5 14. Qd2 Bb7 15. a3
Rc8 16. O-O-O b4 17. axb4 Nxb4 18. Nb3 Bxe4 19. Nxe4 Rxc2+ 20. Qxc2 Nxc2 21.
Kxc2 d5 22. Nc3 O-O 23. Nd4 Qc7 24. Kb1 Rb8 25. Rc1 Nc4 26. Bxc4 Qxc4 27. Rhd1
Ba3 28. Rc2 Rxb2+ 29. Rxb2 Qxc3 30. Rb3 Qa5 31. Nc2 Bd6 32. h5 Qa4 33. Rdd3 Be5
34. g6 fxg6 35. hxg6 Qe4 36. Bd4 Kf8 37. Bxe5 Qxe5 38. Rb7 Qe4 39. Rc3 1-0

[Event "Chess24 Banter Blitz Cup Qual-H"]
[Site "chess24.com INT"]
[Date "2020.09.17"]
[Round "1.7"]
[White "Svidler, Peter"]
[Black "Cuenca Jimenez, Jose Fernando"]
[Result "1/2-1/2"]
[WhiteElo "2723"]
[BlackElo "2535"]
[PlyCount "95"]
[EventDate "2020.09.17"]
[EventType "k.o. (blitz)"]
[EventRounds "3"]
[EventCountry "GER"]
[SourceTitle "EXT 2021"]
[Source "ChessBase"]
[SourceDate "2020.10.23"]
[SourceVersion "1"]
[SourceVersionDate "2020.10.23"]
[SourceQuality "1"]

1. e4 e5 2. Nf3 Nc6 3. Bb5 a6 4. Ba4 Nf6 5. d3 b5 6. Bb3 Bc5 7. a4 b4 8. a5 O-O
9. Be3 Bxe3 10. fxe3 d6 11. Nbd2 Be6 12. Bxe6 fxe6 13. O-O d5 14. Qe2 Rb8 15.
exd5 exd5 16. d4 Qd6 17. Qxa6 Nxd4 18. Qxd6 Nxf3+ 19. Nxf3 cxd6 20. Rfd1 Rfc8
21. Ne1 Rb5 22. a6 Ra8 23. Ra4 e4 24. c3 b3 25. h3 Rb6 26. Rda1 Nd7 27. a7 Nc5
28. Ra5 Kf7 29. h4 h6 30. h5 Ke6 31. g4 Ke5 32. Ng2 Nd3 33. Rf1 Rb7 34. Rf5+
Ke6 35. Nf4+ Nxf4 36. exf4 Raxa7 37. Rfxd5 Rxa5 38. Rxa5 Rf7 39. f5+ Kf6 40.
Kf2 Rc7 41. Rd5 Ra7 42. Ke3 Ra2 43. Rxd6+ Kf7 44. Rd2 Ra4 45. Rd4 Ra2 46. Rd2
Ra4 47. Rd4 Ra2 48. Rd2 1/2-1/2

[Event "Chess24 Banter Blitz Cup Qual-H"]
[Site "chess24.com INT"]
[Date "2020.09.18"]
[Round "2.1"]
[White "Svidler, Peter"]
[Black "Yilmaz, Mustafa"]
[Result "1-0"]
[WhiteElo "2723"]
[BlackElo "2630"]
[PlyCount "73"]
[EventDate "2020.09.17"]
[EventType "k.o. (blitz)"]
[EventRounds "3"]
[EventCountry "GER"]
[SourceTitle "EXT 2021"]
[Source "ChessBase"]
[SourceDate "2020.10.23"]
[SourceVersion "1"]
[SourceVersionDate "2020.10.23"]
[SourceQuality "1"]

1. e4 e5 2. Nf3 Nc6 3. Bb5 a6 4. Ba4 Nf6 5. O-O Nxe4 6. d4 b5 7. Bb3 d5 8. dxe5
Be6 9. Nbd2 Be7 10. c3 Nc5 11. Bc2 d4 12. Nb3 d3 13. Bb1 Nxb3 14. axb3 Bf5 15.
Re1 O-O 16. b4 Qd7 17. h3 Rfd8 18. Bf4 a5 19. bxa5 Rxa5 20. Rxa5 Nxa5 21. Nd4
g5 22. Bxd3 Bxd3 23. Qxd3 gxf4 24. Qe4 Re8 25. Qxf4 Bf8 26. Re3 Bg7 27. Rg3 Re6
28. Qg4 f5 29. Nxf5 Qf7 30. Qxg7+ Qxg7 31. Rxg7+ Kf8 32. f4 Nc4 33. Rxc7 Nxb2
34. Nd4 Rg6 35. f5 Rg3 36. Ne6+ Ke8 37. f6 1-0

[Event "Chess24 Banter Blitz Cup Qual-H"]
[Site "chess24.com INT"]
[Date "2020.09.18"]
[Round "2.2"]
[White "Yilmaz, Mustafa"]
[Black "Svidler, Peter"]
[Result "0-1"]
[WhiteElo "2630"]
[BlackElo "2723"]
[PlyCount "86"]
[EventDate "2020.09.17"]
[EventType "k.o. (blitz)"]
[EventRounds "3"]
[EventCountry "GER"]
[SourceTitle "EXT 2021"]
[Source "ChessBase"]
[SourceDate "2020.10.23"]
[SourceVersion "1"]
[SourceVersionDate "2020.10.23"]
[SourceQuality "1"]

1. d4 Nf6 2. c4 g6 3. Nc3 d5 4. cxd5 Nxd5 5. e4 Nxc3 6. bxc3 Bg7 7. Nf3 c5 8.
Be3 O-O 9. Be2 b6 10. Rc1 e6 11. h4 Bb7 12. e5 Nc6 13. h5 Ne7 14. hxg6 hxg6 15.
Bg5 f6 16. exf6 Bxf6 17. Bh6 Rf7 18. Ne5 Bxe5 19. dxe5 Rh7 20. Bg4 Kf7 21.
Bxe6+ Kxe6 22. Qg4+ Kf7 23. Rd1 Qc8 24. Rd7 Qc6 25. Rxe7+ Kxe7 26. Bg5+ Kf8 27.
Rxh7 Qe4+ 28. Qxe4 Bxe4 29. Rh8+ Kf7 30. Rh7+ Ke6 31. f3 Bd5 32. Re7+ Kf5 33.
Bh6 g5 34. g4+ Kf4 35. Kf2 Rh8 36. Rd7 Be6 37. Bxg5+ Kxg5 38. Rxa7 Kf4 39. Re7
Bd5 40. e6 Rh2+ 41. Kg1 Re2 42. Rd7 Kg3 43. Kf1 Bc4 0-1

[Event "Chess24 Banter Blitz Cup Qual-H"]
[Site "chess24.com INT"]
[Date "2020.09.18"]
[Round "2.3"]
[White "Svidler, Peter"]
[Black "Yilmaz, Mustafa"]
[Result "1-0"]
[WhiteElo "2723"]
[BlackElo "2630"]
[PlyCount "69"]
[EventDate "2020.09.17"]
[EventType "k.o. (blitz)"]
[EventRounds "3"]
[EventCountry "GER"]
[SourceTitle "EXT 2021"]
[Source "ChessBase"]
[SourceDate "2020.10.23"]
[SourceVersion "1"]
[SourceVersionDate "2020.10.23"]
[SourceQuality "1"]

1. Nf3 c5 2. g3 Nc6 3. Bg2 e5 4. e4 d6 5. O-O g6 6. d3 Bg7 7. a3 Nge7 8. Nbd2
O-O 9. c3 h6 10. b4 a6 11. Bb2 Be6 12. Re1 b5 13. d4 exd4 14. cxd4 cxb4 15.
axb4 Nxb4 16. Ba3 a5 17. d5 Bxa1 18. dxe6 Bg7 19. exf7+ Rxf7 20. Qb3 Nec6 21.
Bh3 Nd4 22. Nxd4 Bxd4 23. Nf3 Qf6 24. Be6 Raf8 25. Bxb4 axb4 26. Kg2 Bc3 27.
Re3 Kg7 28. Bxf7 Qxf7 29. Qd1 Qe6 30. Qd3 Rb8 31. h4 Bf6 32. h5 gxh5 33. Nd4
Bxd4 34. Qxd4+ Qe5 35. Qa7+ 1-0

[Event "Chess24 Banter Blitz Cup Qual-H"]
[Site "chess24.com INT"]
[Date "2020.09.18"]
[Round "2.4"]
[White "Yilmaz, Mustafa"]
[Black "Svidler, Peter"]
[Result "1/2-1/2"]
[WhiteElo "2630"]
[BlackElo "2723"]
[PlyCount "60"]
[EventDate "2020.09.17"]
[EventType "k.o. (blitz)"]
[EventRounds "3"]
[EventCountry "GER"]
[SourceTitle "EXT 2021"]
[Source "ChessBase"]
[SourceDate "2020.10.23"]
[SourceVersion "1"]
[SourceVersionDate "2020.10.23"]
[SourceQuality "1"]

1. d4 d6 2. e4 Nf6 3. Bd3 g6 4. Nf3 Bg7 5. O-O O-O 6. h3 c5 7. c3 Nc6 8. d5 Nb8
9. c4 Nbd7 10. Nc3 a6 11. a4 Re8 12. Bg5 h6 13. Be3 e5 14. dxe6 Rxe6 15. Qd2
Kh7 16. Bc2 b6 17. Bf4 Bb7 18. Rad1 Qe8 19. Nd5 Rc8 20. Rfe1 Nxe4 21. Bxe4 Rxe4
22. Bxd6 Qe6 23. Rxe4 Qxe4 24. b3 Bxd5 25. Qxd5 Qxd5 26. Rxd5 Nf6 27. Re5 Ne8
28. Rd5 Nf6 29. Re5 Ne8 30. Rd5 Nf6 1/2-1/2